[Event "Novi Sad ol (Men)"]
[Site "Novi Sad"]
[Date "1990.??.??"]
[Round "13"]
[White "Karkanaque, Ilir"]
[Black "Muir, Andrew J"]
[Result "1-0"]
[WhiteElo "2375"]
[BlackElo "2310"]

1.Nf3 d5 2.g3 Nf6 3.Bg2 e6 4.O-O Be7 5.d4 O-O 6.b3 c5 7.Bb2 Nc6 8.Nbd2 b6
9.c4 Bb7 10.dxc5 Bxc5 11.e3 Qe7 12.a3 a5 13.cxd5 exd5 14.Nh4 Qe6 15.Ndf3 Ne4
16.Nd4 Nxd4 17.Bxd4 Rac8 18.Ra2 Rc7 19.Qa1 f6 20.Nf3 Rfc8 21.Qb2 Ba6 22.Re1 Be7
23.Qb1 Nc5 24.Bf1 Bxf1 25.Rxf1 Qe4 26.Qxe4 dxe4 27.Nd2 f5 28.Rc2 Nd7 29.Rxc7 Rxc7
30.a4 Bf6 31.Bxf6 Nxf6 32.Nc4 Nd5 33.Rd1 Rc5 34.Ne5 g6 35.Nd7 Nc3 36.Nxc5 Nxd1
37.Nd7 Nc3 38.Nxb6 Ne2+ 39.Kf1 Nc1 40.b4 Nb3 41.bxa5 Nxa5 42.Ke1 Kf7 43.Kd2 Ke6
44.Kc3 Nc6 45.Kc4 Kd6 46.Kb5 Na7+ 47.Kc4 Nc6 48.Kc3 g5 49.h4 gxh4 50.gxh4 h5
51.Nc4+ Kc5 52.Nd2 Ne5 53.Nb3+ Kd5 54.Nd4 f4 55.exf4 Ng6 56.Nf5 Nxf4 57.Kd2 Ke5
58.Ne3 Kd4 59.a5 Kc5 60.Nf5 Nd5 61.Ng3 Nf6 62.Ke3 Ng4+ 63.Kf4 Kb5 64.Nxe4 Kxa5
65.f3 Nh2 66.Nd2 Kb4 67.Kg3 Kc3 68.Kxh2 Kxd2 69.f4  1-0

[Event "Novi Sad ol (Men)"]
[Site "Novi Sad"]
[Date "1990.??.??"]
[Round "14"]
[White "Rogers, Ian"]
[Black "Dutreeuw, Marc"]
[Result "1-0"]
[WhiteElo "2535"]
[BlackElo "2405"]

1.Nf3 d5 2.g3 Nf6 3.Bg2 e6 4.O-O Be7 5.d3 b6 6.Nbd2 Bb7 7.e4 dxe4 8.dxe4 O-O
9.e5 Nd5 10.a3 b5 11.Qe2 Qd7 12.Ne4 Re8 13.Bg5 Bf8 14.Nd4 a6 15.Qg4 c5 16.Nf3 Qc7
17.Rad1 Nd7 18.Rfe1 c4 19.Rd4 c3 20.b3 a5 21.Nf6+ N7xf6 22.exf6 Rad8 23.fxg7 Be7
24.Qh3 Nf6 25.Rf4 e5 26.Bxf6 Bc8 27.Qh5 exf4 28.Ng5  1-0

[Event "Novi Sad ol (Men)"]
[Site "Novi Sad"]
[Date "1990.??.??"]
[Round "14"]
[White "Rahman, T."]
[Black "Saleh, N."]
[Result "1-0"]
[WhiteElo "2310"]
[BlackElo "2215"]

1.Nf3 d5 2.g3 Nf6 3.Bg2 c6 4.b3 Bf5 5.Ba3 Nbd7 6.O-O Qc7 7.d4 e6 8.Bb2 Be7
9.Nbd2 O-O 10.c4 h6 11.a3 Rac8 12.b4 Rfd8 13.Qb3 dxc4 14.Nxc4 Nb6 15.Nfe5 Ne4
16.Rfd1 Bf6 17.f3 Nd6 18.Ne3 Bh7 19.N3g4 Bxe5 20.Nxe5 Nd7 21.Nd3 b6 22.Rac1 Nf5
23.Nf2 Nd6 24.e4 c5 25.dxc5 bxc5 26.Qc3 Ne8 27.bxc5 Nxc5 28.Bf1 Qb6 29.Rxd8 Rxd8
30.Qb4 Qxb4 31.axb4 Na4 32.Be5 Nb6 33.Ra1 Rd7 34.Bb5 Re7 35.Bd4 Nd6 36.Bc5 Nbc8
37.Rd1 Rb7 38.Ba6 Rd7 39.Bxc8 Rc7 40.Ba6 Rc6 41.Rxd6 Rxd6 42.Bxd6 f5 43.e5  1-0

[Event "Oakham"]
[Site "Oakham"]
[Date "1990.??.??"]
[Round "?"]
[White "Stratil, Ladislav Jr"]
[Black "Iosif, Cristina S"]
[Result "1-0"]
[WhiteElo "2380"]
[BlackElo "2220"]

1.Nf3 d5 2.g3 Nf6 3.Bg2 e6 4.O-O Be7 5.d3 O-O 6.Nbd2 Nc6 7.e4 e5 8.Re1 d4
9.Nc4 Nd7 10.a4 Bb4 11.Rf1 Qe7 12.Nh4 Nb6 13.b3 Nxc4 14.bxc4 Bd7 15.Nf5 Bxf5
16.exf5 Qd7 17.Be4 f6 18.Kh1 Rab8 19.f4 Kh8 20.Qh5 Rfe8 21.Rf3 exf4 22.gxf4 Nd8
23.Rh3 h6 24.Bb2 Nf7 25.Rg1 c6 26.Rhg3 Bf8 27.Bxd4 Qxd4 28.Qxf7 Re7 29.Qg6 Rxe4
30.dxe4 Qxe4+ 31.R3g2 Qxf4 32.Qg3 Qxg3 33.Rxg3 Re8 34.Rd1 Kh7 35.Rd7 Re1+
36.Kg2 Re2+ 37.Kf1 Rxc2 38.Rf7 Kg8 39.Rxb7 Rxc4 40.Rxa7 Rf4+ 41.Ke2 Rxf5
42.a5 g5 43.Rb3 Re5+ 44.Kf3 Re8 45.a6 f5 46.Rd7 Bc5 47.a7  1-0

[Event "Oakham"]
[Site "Oakham"]
[Date "1990.??.??"]
[Round "?"]
[White "Harris, Michael"]
[Black "Hill, Shane Malcolm"]
[Result "0-1"]
[WhiteElo "2255"]
[BlackElo "2245"]

1.g3 d5 2.Nf3 Nf6 3.Bg2 e6 4.O-O Be7 5.d3 O-O 6.Nbd2 b6 7.e4 Bb7 8.e5 Nfd7
9.Qe2 c5 10.Re1 Nc6 11.c3 Rc8 12.h4 b5 13.Nf1 d4 14.N1h2 dxc3 15.bxc3 Qa5
16.Bd2 Qa4 17.Bf4 c4 18.d4 b4 19.d5 exd5 20.Bh3 Nc5 21.Ng5 Bxg5 22.hxg5 bxc3
23.Qh5 Nd4 24.Ng4 Qc2 25.Ne3 Qg6 26.Qxg6 hxg6 27.Bxc8 Nf3+ 28.Kf1 Rxc8 29.Red1 Nd2+
30.Kg1 d4 31.Rxd2 cxd2 32.Nxc4 Nd3 33.Nxd2 Rc2 34.Rb1 Bd5 35.Rd1 Rxa2 36.f3 Nxf4
37.gxf4 d3 38.Ne4 Bc4 39.Rc1 Rc2 40.Rd1 a5 41.Nd2 Ba6 42.Kf2 a4 43.Ke3 a3
44.Ra1 a2 45.Rh1 Kf8 46.Ra1 Ke7 47.Rh1 Ke6 48.Rd1 Kd5 49.Rh1 Rxd2 50.Kxd2 Kc4
51.f5 gxf5 52.g6 fxg6 53.e6 Kb3 54.e7 Bb5 55.Re1 Kb2 56.e8=Q Bxe8 57.Rxe8 a1=Q
58.Rb8+ Ka2 59.Ra8+ Kb1 60.Rxa1+ Kxa1 61.f4 Kb2 62.Kxd3 Kb3 63.Kd4 Kc2  0-1

[Event "Orange op"]
[Site "Orange"]
[Date "1990.??.??"]
[Round "8"]
[White "Sofrigin, Alexej"]
[Black "Coudray, F."]
[Result "1-0"]
[WhiteElo "2240"]
[BlackElo "1730"]

1.Nf3 d5 2.g3 Nd7 3.d4 e6 4.Bg2 Ngf6 5.O-O Be7 6.c4 O-O 7.Nbd2 c6 8.b3 Re8
9.Bb2 Nf8 10.Ne5 N6d7 11.Qc2 f6 12.Nd3 Ng6 13.Rae1 f5 14.f3 Nf6 15.e4 Bd7
16.e5 Nh5 17.Qd1 Qa5 18.f4 Nh8 19.c5 g6 20.b4 Qc7 21.Bf3 Ng7 22.Nb3 Kf7 23.a4 a6
24.Be2 Rab8 25.Bc3 Qc8 26.Qd2 Bd8 27.Rb1 Rg8 28.Kh1 Ne8 29.Ne1 Nc7 30.Nc2 h6
31.Rg1 g5 32.g4 gxf4 33.gxf5 Bg5 34.Bh5+ Kf8 35.f6 Be8 36.Qe2 Bg6 37.Bxg6 Nxg6
38.Rg4 Qe8 39.Rbg1 Qf7 40.Be1 Ke8 41.h4 Bxf6 42.exf6 Qxf6 43.h5 f3 44.Qf2  1-0

[Event "Orange op"]
[Site "Orange"]
[Date "1990.??.??"]
[Round "9"]
[White "Spiridonov, Nikola"]
[Black "Lukasiewicz, Grzegorz"]
[Result "1-0"]
[WhiteElo "2405"]
[BlackElo "2320"]

1.g3 d5 2.Nf3 c6 3.Bg2 Bf5 4.b3 h6 5.c4 e6 6.Bb2 Nf6 7.O-O Be7 8.d3 O-O 9.Nbd2 a5
10.a3 Bh7 11.Rc1 Nbd7 12.Rc2 Qb8 13.Qa1 Bd6 14.cxd5 cxd5 15.Nd4 b5 16.Rfc1 Ra6
17.Nc6 Qe8 18.Ne5 Nxe5 19.Bxe5 Qe7 20.Bxd6 Qxd6 21.Nf3 b4 22.a4 Nd7 23.Nd4 Bg6
24.Nb5 Qb8 25.Rc7 Rd8 26.f4 Bh5 27.Kf2 e5 28.Bxd5 Nf6 29.Rb7 Qa8 30.Nc7 Qc8
31.Ne6 Qa8 32.Rd7 Rxd7 33.Bxa8 Rxa8 34.Nc5 Re7 35.e4 Rd8 36.f5 Rc7 37.h3 Rdc8
38.Qxe5  1-0

[Event "Paris-ch"]
[Site "Paris"]
[Date "1990.??.??"]
[Round "?"]
[White "Spraggett, Kevin"]
[Black "Ruf, Matthias"]
[Result "1/2-1/2"]
[WhiteElo "2555"]
[BlackElo "2295"]

1.g3 d5 2.Nf3 Nf6 3.Bg2 c6 4.b3 Bg4 5.Bb2 Nbd7 6.O-O e6 7.c4 Be7 8.d3 O-O
9.Nbd2 a5 10.a3 b5 11.cxb5 cxb5 12.Rc1 Qb6 13.Qc2 Bc5 14.e4 Rac8 15.Qb1 Rfd8
16.exd5 Nxd5 17.h3 Bh5 18.Qa1 Bf8 19.Ne4 Qa6 20.d4 b4 21.Ne5 Nxe5 22.dxe5 Qd3
23.axb4 Bxb4 24.Nd6 Rxc1 25.Qxc1 h6 26.Qc4 Qxc4 27.Nxc4 Nc3 28.Ba3 Bd1 29.Bxb4 axb4
30.Na5 Rb8 31.f4 Rb5 32.Nc6 Rb6 33.Rf2 Bxb3 34.Rb2 Bd5 35.Nxb4 Bxg2 36.Kxg2 Nd5
37.Nd3 Rxb2+  1/2-1/2

[Event "Paris-ch"]
[Site "Paris"]
[Date "1990.??.??"]
[Round "?"]
[White "Parmentier, Xavier"]
[Black "Van Dongen, Patrick"]
[Result "0-1"]
[WhiteElo "2245"]
[BlackElo "2275"]

1.Nf3 d5 2.g3 Nf6 3.Bg2 c5 4.O-O Nc6 5.c4 e6 6.d4 dxc4 7.Qa4 Bd7 8.Qxc4 b5
9.Qd3 Rc8 10.Rd1 Qb6 11.Nc3 cxd4 12.Nxd4 Nxd4 13.Qxd4 Bc5 14.Qf4 O-O 15.Ne4 Nxe4
16.Bxe4 Bc6 17.Bxc6 Rxc6 18.b4 Bd6 19.Rxd6 Rxd6 20.Be3 Qd8 21.Bxa7 Rd1+ 22.Rxd1 Qxd1+
23.Kg2 Qd5+ 24.e4 Qxa2 25.Bc5 Rd8 26.h4 Qa8 27.h5 h6 28.Bd6 f5 29.f3 fxe4
30.fxe4 Qc6 31.Bc5 Qe8 32.Qe5 Rd2+ 33.Kh3 Qd7 34.Kg4 Rh2 35.Be3 Kh7 36.Bd4 Rd2
37.Be3 Re2 38.Bf4 Qe8 39.Kf3 Rh2 40.g4 Ra2 41.Kg3 Qd7 42.g5 Qd3+ 43.Kh4 hxg5+
44.Bxg5 Re2 45.Bf4 Qxe4  0-1

[Event "Paris-ch"]
[Site "Paris"]
[Date "1990.??.??"]
[Round "?"]
[White "Lobron, Eric"]
[Black "Guigonis, Dominique"]
[Result "1-0"]
[WhiteElo "2545"]
[BlackElo "2335"]

1.Nf3 d5 2.g3 e6 3.Bg2 Nd7 4.O-O Bd6 5.d4 Ngf6 6.c4 O-O 7.Qc2 dxc4 8.Rd1 Qe7
9.Nbd2 b5 10.Ne5 Nd5 11.Nc6 Qe8 12.a4 Bb7 13.axb5 a6 14.Nxc4 axb5 15.Nxd6 cxd6
16.Rxa8 Bxa8 17.Bxd5 exd5 18.Nb4 Qe7 19.Rd3 Nb6 20.Rc3 Qf6 21.Qd3 Nc4 22.b3 Na5
23.Be3 Rb8 24.Na6 Rf8 25.Qxb5 Bb7 26.Qxa5 Ra8 27.Qb6 Bxa6 28.Qxa6  1-0

[Event "Paris-ch"]
[Site "Paris"]
[Date "1990.??.??"]
[Round "?"]
[White "Spraggett, Kevin"]
[Black "Shirov, Alexei"]
[Result "1-0"]
[WhiteElo "2555"]
[BlackElo "2500"]

1.g3 d5 2.Nf3 Bg4 3.Bg2 Nd7 4.c4 e6 5.b3 Ngf6 6.Bb2 c6 7.O-O Bd6 8.d4 Ne4
9.Nfd2 f5 10.Nxe4 fxe4 11.f3 exf3 12.exf3 Bf5 13.Nd2 O-O 14.Re1 Nf6 15.Rc1 h5
16.Nf1 h4 17.g4 Bg6 18.Rxe6 Qd7 19.Qe1 Bf4 20.Re7 Qd6 21.c5 Qd8 22.Rd1 Ne4
23.Rxb7 Qg5 24.fxe4 h3 25.Bxh3 Bxe4 26.Bc1 Bxc1 27.Rxc1 Rae8 28.Rc3 Bd3 29.Qxe8 Rxe8
30.Rxd3 Qf4 31.Bg2 Re2 32.Rf3 Qxg4 33.Rb8+  1-0

[Event "Philadelphia op2"]
[Site "Philadelphia"]
[Date "1990.??.??"]
[Round "?"]
[White "Dzindzichashvili, Roman"]
[Black "Sherzer, Alex"]
[Result "1-0"]
[WhiteElo "2545"]
[BlackElo "2440"]

1.Nf3 d5 2.g3 Nf6 3.Bg2 Bf5 4.c4 dxc4 5.Na3 c6 6.Nxc4 Nbd7 7.O-O h6 8.b4 e6
9.Qb3 Be7 10.d3 O-O 11.Na5 Qb6 12.a3 e5 13.Nc4 Qc7 14.Bb2 e4 15.Nd4 Bg6 16.dxe4 Nxe4
17.Rad1 Rfe8 18.f3 Nef6 19.e4 h5 20.e5 b5 21.Na5 Nxe5 22.f4 Neg4 23.h3 Ne3
24.Ne6 fxe6 25.Qxe3 Nd5 26.Qxe6+ Bf7 27.Qxc6 Qb6+ 28.Qxb6 axb6 29.Nc6 Bf6
30.Bxf6 Nxf6 31.Ne7+ Kf8 32.Bxa8 Rxa8 33.Nf5 Be6 34.Nh4 Bxh3 35.Rfe1 Rxa3
36.Kh2 Bd7 37.Rd6 Rb3 38.Rxb6 Rxb4 39.Nf3 Rb2+ 40.Kh1 Ng4 41.Ng5 Nf2+ 42.Kg1 Nh3+
43.Nxh3 Bxh3 44.Re3 Kf7 45.Rc3 Kg8 46.Rb7 b4 47.Re3 Kh7 48.Re5 Kh6 49.Rg5 Bg2
50.Rb6+ Kh7 51.Rxh5+ Kg8 52.Rh2  1-0

[Event "URS-chT"]
[Site "Podolsk"]
[Date "1990.??.??"]
[Round "?"]
[White "Karasev, Vladimir I"]
[Black "Klovans, Janis"]
[Result "1-0"]
[WhiteElo "2375"]
[BlackElo "2360"]

1.Nf3 d5 2.g3 Nf6 3.Bg2 c6 4.O-O Bg4 5.h3 Bh5 6.d3 e6 7.Qe1 Be7 8.e4 O-O
9.Nbd2 Nbd7 10.Nh2 e5 11.Ndf3 dxe4 12.dxe4 Ne8 13.Qc3 Nd6 14.Qe3 Qb6 15.Qe2 Rfd8
16.Ng4 f6 17.b3 Bf7 18.Nh4 Bf8 19.Rd1 Nb5 20.Rxd7 Rxd7 21.Nxf6+ gxf6 22.Qg4+ Bg7
23.Qxd7 Rd8 24.Qe7 Rd1+ 25.Kh2 Nd4 26.Ba3 Rxa1 27.Bc5 Qxc5 28.Qxc5 Rxa2 29.Nf5 Rxc2
30.Ne7+ Kf8 31.Qd6 Ke8 32.Nc8 Bf8 33.Qxf6 c5 34.Qxe5+ Kd7 35.Qb8  1-0

[Event "URS-chT"]
[Site "Podolsk"]
[Date "1990.??.??"]
[Round "?"]
[White "Khasin, Alexander"]
[Black "Sagalchik, Gennadij"]
[Result "1/2-1/2"]
[WhiteElo "2470"]
[BlackElo "2360"]

1.Nf3 d5 2.g3 g6 3.c4 e6 4.Bg2 Bg7 5.d4 Ne7 6.O-O O-O 7.Qc2 Nbc6 8.Rd1 Nf5
9.e3 a5 10.b3 b6 11.Bb2 Bb7 12.Nc3 Qe7 13.Rac1 Rfd8 14.a3 Rac8 15.cxd5 exd5
16.Bh3 Qf6 17.Bxf5 Qxf5 18.Qxf5 gxf5 19.Nh4 Ne7 20.b4 axb4 21.axb4 Ra8 22.Ra1 Bf6
23.Ng2 Nc8 24.Rxa8 Bxa8 25.Nf4 Bg5 26.Ra1 Nd6 27.Nd3 Nc4 28.b5 c5 29.bxc6 Bxc6
30.Ra7 Kf8 31.Ba3+ Nxa3 32.Rxa3 Be7 33.Ra6 Rb8 34.Ne5 Be8 35.Nxd5 b5 36.Ra7 Bd6
37.Nd7+ Bxd7 38.Rxd7 Ba3 39.Ra7 b4 40.Nf6 Rb5 41.Nd7+ Kg7 42.Ne5 b3 43.Nc4 Bc1
44.Rc7 b2 45.Nxb2 Bxb2 46.Kg2 Ba3 47.Ra7 Rb3 48.Ra5 Kg6 49.Ra6+ Kg7 50.Ra5 Kg6
51.Ra6+ f6 52.Ra8 Rc3 53.Rg8+ Kf7 54.Ra8 Bb2 55.h3 Rc2 56.Ra2 Rd2 57.Kf3 Bc3
58.Ra3 Bb4 59.Rb3 Bf8 60.Rb7+ Kg6 61.Rb8 Ba3 62.Rg8+ Kf7 63.Rh8 Kg7 64.Ra8 Bb4
65.Rb8 Rb2 66.g4 Kg6 67.Rb5 fxg4+ 68.hxg4 Bc3 69.Rxb2 Bxb2 70.Kg3 Kf7 71.f4 h6
72.Kf3 Ke6 73.Ke4 Bc1 74.Kf3 Kd5 75.e4+ Kxd4 76.e5 fxe5 77.fxe5 Kxe5 78.Kg2 Kf4
79.Kh1  1/2-1/2

[Event "URS-chT"]
[Site "Podolsk"]
[Date "1990.??.??"]
[Round "?"]
[White "Petrosian, Arshak B"]
[Black "Ivanov, Sergey"]
[Result "1/2-1/2"]
[WhiteElo "2480"]
[BlackElo "2460"]

1.Nf3 d5 2.g3 g6 3.d4 Bg7 4.Bg2 Nf6 5.c4 dxc4 6.Na3 c3 7.bxc3 c5 8.Ne5 O-O
9.O-O Nd5 10.Bd2 Nc6 11.Nac4 cxd4 12.cxd4 Nxd4 13.Ba5 Nb6 14.Rb1 Bxe5 15.Nxe5 Qd6
16.Bc3 Qxe5 17.Bxd4 Qh5 18.Ba1 Bh3 19.Qd4 e5 20.Qxe5 Qxe5 21.Bxe5 Bxg2 22.Kxg2 Rfe8
23.Rb5 a6 24.Rxb6 Rxe5 25.e3 Rc8 26.Rfb1  1/2-1/2

[Event "URS-chT"]
[Site "Podolsk"]
[Date "1990.??.??"]
[Round "?"]
[White "Petrosian, Arshak B"]
[Black "Smagin, Sergey"]
[Result "1/2-1/2"]
[WhiteElo "2480"]
[BlackElo "2520"]

1.Nf3 d5 2.g3 c6 3.Bg2 Bg4 4.c4 e6 5.cxd5 exd5 6.d3 Bb4+ 7.Nbd2 Ne7 8.O-O O-O
9.h3 Bc8 10.a3 Bd6 11.e4 Nd7 12.Re1 Nc5 13.Qc2 Ne6 14.Nb3 f5 15.e5 Bc7 16.Nc5 Nxc5
17.Qxc5 Ng6 18.d4 f4 19.Qc3 a5 20.b3 Bb6 21.a4 Be6 22.Ba3 Rf7 23.Kh2 h6 24.b4 axb4
25.Bxb4 Ba5 26.Bxa5 Qxa5 27.Qxa5 fxg3+ 28.fxg3 Rxa5 29.Nd2 b5 30.Nb3 Rxa4
31.Rxa4 bxa4 32.Nc5 Nf8 33.Ra1 Ra7 34.Rxa4 Rxa4 35.Nxa4 Bf5 36.Nc5 Kf7 37.Kg1 Ne6
38.Nxe6 Kxe6 39.Kf2 c5 40.dxc5 Kxe5 41.Ke3 Bd7  1/2-1/2

[Event "URS-chT"]
[Site "Podolsk"]
[Date "1990.??.??"]
[Round "?"]
[White "Pigusov, Evgeny"]
[Black "Lputian, Smbat G"]
[Result "1/2-1/2"]
[WhiteElo "2545"]
[BlackElo "2545"]

1.Nf3 d5 2.g3 Nf6 3.Bg2 e6 4.c4 dxc4 5.Qc2 Nbd7 6.Na3 Bxa3 7.bxa3 Nb6 8.Ne5 O-O
9.Bb2 a6 10.Nxc4 Nxc4 11.Qxc4 e5 12.d3 c6 13.O-O Re8 14.Rfc1 Bg4 15.Rc2 Qd7
16.Qc5 Nd5 17.Rb1 Bh3 18.Bh1 h5 19.a4 a5 20.Ba3 Re6 21.Bf3 Rf6 22.Qc4 Nf4
23.Qe4 Re8 24.Rcb2 Bf5 25.Qe3 Nh3+ 26.Kg2 e4 27.dxe4 Bxe4 28.Rxb7 Bxf3+ 29.exf3 Rxe3
30.Rxd7 Rxa3 31.Kxh3 Raxf3 32.Ra7 Rxf2 33.Rxa5 g6 34.Rg1 Kg7 35.Rg2 Kh6 36.Rc5 g5
37.Rc2 R2f3 38.Rge2 Ra3 39.Re4 Kg6  1/2-1/2

[Event "URS-chT"]
[Site "Podolsk"]
[Date "1990.??.??"]
[Round "?"]
[White "Timoshchenko, Gennadi A"]
[Black "Ivanov, Sergey"]
[Result "1/2-1/2"]
[WhiteElo "2505"]
[BlackElo "2460"]

1.Nf3 d5 2.g3 g6 3.Bg2 Bg7 4.d4 Nf6 5.O-O O-O 6.c4 c6 7.Qb3 dxc4 8.Qxc4 Be6
9.Qa4 Nbd7 10.Nc3 Bf5 11.Rd1 a5 12.Nh4 Nb6 13.Qb3 Be6 14.Qc2 Nfd5 15.Nf3 a4
16.h3 h6 17.e4 Nb4 18.Qb1 Qc8 19.Kh2 Ra5 20.Ne2 Bc4 21.Nf4 Rd8 22.Be3 Rb5
23.Nd2 g5 24.Nxc4 Nxc4 25.Nh5 a3 26.b3 Nxe3 27.fxe3 c5 28.Nxg7 Kxg7 29.d5 Qc7
30.Qc1 Qe5 31.Rd2 h5 32.Rb1 h4 33.Qe1 e6 34.Rbd1 Rb6 35.Bf3 Qxg3+ 36.Qxg3 hxg3+
37.Kxg3 Kf6 38.dxe6 Rxd2 39.exf7 Kxf7 40.Rxd2 Ke6 41.Kg4 Rd6 42.Rg2 b5 43.Kxg5 c4
44.bxc4 bxc4 45.e5 Rd8 46.Kf4 c3 47.Ke4 Kf7 48.Bh5+ Kf8 49.Rf2+ Kg7 50.e6 c2
51.Rxc2 Nxc2 52.e7 Rc8 53.e8=Q Rxe8+ 54.Bxe8 Nb4 55.Bb5  1/2-1/2

[Event "URS-ch (Women)"]
[Site "Podolsk"]
[Date "1990.??.??"]
[Round "11"]
[White "Janjgava, Natia"]
[Black "Chelushkina, Irina"]
[Result "0-1"]
[WhiteElo "2145"]
[BlackElo "2370"]

1.Nf3 d5 2.g3 c5 3.Bg2 Nc6 4.d4 Nf6 5.O-O e6 6.c4 Be7 7.cxd5 exd5 8.dxc5 Bxc5
9.Bg5 Be6 10.Nc3 d4 11.Na4 Be7 12.Rc1 Bd5 13.Nc5 Qb6 14.Na4 Qd8 15.a3 h6
16.Bd2 O-O 17.Be1 a5 18.Nc5 Qb6 19.Na4 Qa7 20.Nh4 Rfd8 21.Bxd5 Nxd5 22.Nf3 Rac8
23.Qd3 Ne5 24.Nxe5 Rxc1 25.Qd2 Rcc8 26.Qxa5 Qb8  0-1

[Event "RLPF-chA"]
[Site "Polch"]
[Date "1990.??.??"]
[Round "?"]
[White "Mattern, Markus"]
[Black "Muellen, Juergen"]
[Result "1-0"]
[WhiteElo "1860"]
[BlackElo "1925"]

1.Nf3 d5 2.g3 Nf6 3.Bg2 c6 4.b3 g6 5.Bb2 Bg7 6.O-O Nbd7 7.d3 O-O 8.Nbd2 Qc7
9.c4 b6 10.Rc1 Qd8 11.Nd4 Bb7 12.cxd5 cxd5 13.b4 Nb8 14.Qa4 e6 15.N2f3 Ne8
16.Bh3 Nd6 17.Qb3 Qe7 18.b5 Qd7 19.Rc2 h6 20.Rfc1 Rc8 21.Rxc8+ Nxc8 22.a4 Nd6
23.Qc2 Ne8 24.Ba3 a6 25.Bb4 f5 26.Nc6 axb5 27.axb5 Kh7 28.d4 g5 29.Bf1 Bxc6
30.bxc6 Qc7 31.e3 Na6 32.Ba3 Nb8 33.Bb4 Na6 34.Bxa6 Rxa6 35.Ne5 Ra8 36.Nd3 Kg6
37.Bd2 Rc8 38.Nb4 Ra8 39.Kg2 Nd6 40.Qd3 Nc4 41.Be1 Ra5 42.g4  1-0

[Event "Bohemians"]
[Site "Prague"]
[Date "1990.??.??"]
[Round "?"]
[White "Landenbergue, Claude"]
[Black "Keitlinghaus, Ludger"]
[Result "1/2-1/2"]
[WhiteElo "2385"]
[BlackElo "2415"]

1.Nf3 d5 2.g3 c6 3.Bg2 Bg4 4.c4 e6 5.cxd5 exd5 6.O-O Nd7 7.d3 Ngf6 8.h3 Bh5
9.Nc3 Be7 10.e4 dxe4 11.dxe4 Nc5 12.Qe2 Qd3 13.Re1 O-O 14.g4 Bg6 15.Ne5 Qxe2
16.Rxe2 Rfe8 17.Bf4 Nfd7 18.Nxd7 Nxd7 19.Rd1 Nb6 20.Bd6 Bxd6 21.Rxd6 f6 22.f4  1/2-1/2

[Event "Prague Mladi op"]
[Site "Prague"]
[Date "1990.??.??"]
[Round "4"]
[White "Jurek, Josef"]
[Black "Haba, Petr"]
[Result "0-1"]
[WhiteElo "2320"]
[BlackElo "2435"]

1.Nf3 d5 2.g3 Nf6 3.Bg2 c6 4.b3 Bf5 5.Bb2 e6 6.O-O h6 7.d3 Be7 8.Nbd2 O-O
9.c4 Nbd7 10.Qc2 a5 11.a3 Bh7 12.Ne5 Qb6 13.Bh3 Nxe5 14.Bxe5 d4 15.Nf3 Rad8
16.Rfb1 c5 17.b4 cxb4 18.axb4 Bxb4 19.Qb2 Qc5 20.Bxd4 Qh5 21.Bg2 b5 22.cxb5 Qxb5
23.Bxf6 gxf6 24.Qxf6 Qh5 25.Rc1 Rc8 26.h3 Qg6 27.Qb2 Qg7 28.Qxg7+ Kxg7 29.Nd4 Bc3
30.Ra4 Bxd4 31.Rxc8 Rxc8 32.Rxd4 Rc1+ 33.Kh2 Ra1 34.Rg4+ Bg6 35.h4 Kf8 36.Rc4 a4
37.Bc6 a3 38.Kg2 a2 39.Rc2 Rg1+  0-1

[Event "Prestwich"]
[Site "Prestwich"]
[Date "1990.??.??"]
[Round "2"]
[White "Galliamova, Alisa"]
[Black "Sherzer, Alex"]
[Result "1-0"]
[WhiteElo "2365"]
[BlackElo "2440"]

1.Nf3 d5 2.g3 Nf6 3.Bg2 c6 4.O-O Bg4 5.b3 Nbd7 6.Bb2 e6 7.c4 Bd6 8.d4 Qb8
9.Nbd2 O-O 10.a3 a5 11.Qc2 Bf5 12.Qc3 b5 13.Nh4 b4 14.Qc1 bxa3 15.Bxa3 Bxa3
16.Rxa3 Bg6 17.Nxg6 hxg6 18.e4 dxe4 19.Nxe4 Nxe4 20.Bxe4 Qd6 21.Qa1 e5 22.dxe5 Qc5
23.Ra4 Nb6 24.Ra2 Rfe8 25.Rd1 a4 26.bxa4 Ra5 27.Qd4 Qxd4 28.Rxd4 c5 29.Rd1 Rxe5
30.Bc6 Nxc4 31.Rc2 Nb6 32.Rb2 Nc4 33.Rb8+ Kh7 34.f4 Rf5 35.Rdd8 g5 36.Be4 g6
37.Bxf5 gxf5 38.fxg5 Kg6 39.Ra8 Rxa8 40.Rxa8 Kxg5 41.a5 Kf6 42.a6 Nd6 43.Rb8  1-0

[Event "CRO-Cup"]
[Site "Pula"]
[Date "1990.??.??"]
[Round "?"]
[White "Kosic, Dragan"]
[Black "Heroic, Drazen"]
[Result "1-0"]
[WhiteElo "2415"]
[BlackElo "2295"]

1.Nf3 d5 2.g3 Bf5 3.Bg2 e6 4.O-O Nf6 5.d3 Be7 6.c4 c6 7.cxd5 exd5 8.Nd4 Bg6
9.Nc3 Qb6 10.Nb3 O-O 11.e4 dxe4 12.Be3 Bh5 13.Qc1 Qb4 14.dxe4 Nbd7 15.h3 Rfe8
16.Qc2 Bd8 17.a3 Qe7 18.Rae1 Bb6 19.Bxb6 Nxb6 20.f4 h6 21.Qf2 Nfd7 22.e5 f5
23.e6 Nf6 24.Qc5 Rad8 25.Qxf5 Rf8 26.Qc5 Rfe8 27.g4 Bg6 28.f5 Bh7 29.Qxe7 Rxe7
30.Rd1 Rxd1 31.Rxd1 g6 32.Ne4 Kg7 33.Ng3 Nc4 34.Nc5 gxf5 35.gxf5 Ne3 36.Rd7 Kf8
37.Rd8+ Kg7 38.Be4  1-0

[Event "CRO-Cup"]
[Site "Pula"]
[Date "1990.??.??"]
[Round "?"]
[White "Strikovic, Aleksa"]
[Black "Blagojevic, Dragisa"]
[Result "1/2-1/2"]
[WhiteElo "2465"]
[BlackElo "2395"]

1.Nf3 d5 2.g3 c6 3.Bg2 Bg4 4.O-O e6 5.d3 Bd6 6.e4 Nd7 7.Nbd2 Ne7 8.Qe2 O-O
9.h3 Bh5 10.c3 Qc7 11.Re1 f6 12.d4 Rae8 13.c4 b6 14.Qd3 Bf7 15.b3 e5 16.cxd5 cxd5  1/2-1/2

[Event "Pula op"]
[Site "Pula"]
[Date "1990.??.??"]
[Round "2"]
[White "Arsovic, Zoran"]
[Black "Rumiancev, Gennadij"]
[Result "1-0"]
[WhiteElo "2385"]
[BlackElo "2280"]

1.Nf3 d5 2.g3 c5 3.c4 d4 4.Bg2 Nc6 5.d3 e5 6.O-O Be7 7.e3 dxe3 8.Bxe3 Bf5
9.Qa4 Qd7 10.Nc3 Nf6 11.Qa3 O-O 12.Bxc5 Rfe8 13.Bxe7 Rxe7 14.Rad1 Rd8 15.d4 exd4
16.Nd5 Re4 17.Nxf6+ gxf6 18.Ne1 Re2 19.Bf3 Ree8 20.Nd3 Ne5 21.Nxe5 fxe5 22.Bd5 b5
23.b3 bxc4 24.Bxc4 Be6 25.Qc1 Bxc4 26.Qg5+ Kf8 27.Qh6+ Ke7 28.bxc4 Qf5 29.Rb1 Qg6
30.Rb7+ Rd7 31.Qh4+ f6 32.Rfb1 Rc8 33.f4 Rcc7 34.R7b5 Kf8 35.Rf1 Rf7 36.Qh3 e4
37.Qe6 f5 38.Rb8+ Kg7 39.Qe5+ Qf6 40.Qe8 Rf8 41.Qb5 Rxb8 42.Qxb8 Qb6 43.Qd8 d3+
44.Kg2 Qc6 45.Rb1 Rf7 46.Rb8 Qf6 47.Qg8+ Kh6 48.Rc8 Rg7 49.Qe8 Qb2+ 50.Kh3 Rg6
51.Rc7 Qf6 52.Rf7 Qa1 53.Qf8+ Rg7 54.Rf6+ Kh5 55.Qe8+ Rg6 56.Rxf5+ Kh6 57.Qf8+ Qg7
58.Qc5 Qd7 59.Qf8+ Qg7 60.Qd8 Qb7 61.Kh4 Qb4 62.c5 Qb2 63.Qf8+ Rg7 64.Rh5+  1-0

[Event "DEN-ch"]
[Site "Randers"]
[Date "1990.??.??"]
[Round "?"]
[White "Jacobsen, Bo"]
[Black "Kroll, Ove"]
[Result "1-0"]
[WhiteElo "2295"]
[BlackElo "2340"]

1.Nf3 d5 2.g3 c6 3.Bg2 Bg4 4.O-O e6 5.d3 Bd6 6.Nbd2 Ne7 7.e4 O-O 8.c4 Nd7
9.Qc2 Rc8 10.Re1 Ng6 11.Rb1 Bb8 12.b4 dxe4 13.dxe4 Nde5 14.Nxe5 Nxe5 15.Rb3 f5
16.h3 Bh5 17.exf5 exf5 18.Bb2 Nd7 19.Nf3 Bxf3 20.Rxf3 f4 21.Rd3 Rf7 22.h4 fxg3
23.fxg3 Qb6+ 24.Ree3 Nf8 25.a3 Rd8 26.c5 Rxd3 27.Qxd3 Qc7 28.b5 Re7 29.bxc6 bxc6
30.Rxe7 Qxe7 31.Qb3+  1-0

[Event "DEN-ch"]
[Site "Randers"]
[Date "1990.??.??"]
[Round "?"]
[White "Jacobsen, Bo"]
[Black "Pedersen, Finn"]
[Result "0-1"]
[WhiteElo "2295"]
[BlackElo "2275"]

1.Nf3 d5 2.g3 c6 3.Bg2 Nf6 4.O-O Bf5 5.d3 h6 6.b3 e6 7.Bb2 Be7 8.Nbd2 O-O
9.Ne5 Nbd7 10.Nxd7 Nxd7 11.e4 Bh7 12.Qe2 Re8 13.Kh1 a5 14.a4 Nc5 15.f4 Bf8
16.g4 f5 17.Rae1 dxe4 18.dxe4 fxg4 19.Nc4 Qh4 20.Qe3 b5 21.axb5 cxb5 22.Ne5 Rac8
23.f5 Bd6 24.Qd4 Red8 25.f6 Bf8 26.f7+ Kh8 27.Qe3 Nd7 28.Re2 Qh5 29.Qg3 Nxe5
30.Bxe5 Rd7 31.Ref2 Bg6 32.c4 bxc4 33.Qc3 Rxf7 34.Rxf7 Bxf7 35.bxc4 Kg8 36.Ra1 Bb4
37.Qd4 Qg5 38.Rd1 h5 39.h3 Be7 40.Kh2 Rd8  0-1

[Event "Rome op"]
[Site "Rome"]
[Date "1990.??.??"]
[Round "4"]
[White "Garcia Martinez, Silvino"]
[Black "Passerotti, Pierluigi"]
[Result "0-1"]
[WhiteElo "2415"]
[BlackElo "2335"]

1.Nf3 d5 2.g3 c5 3.Bg2 Nf6 4.O-O Nc6 5.c4 e6 6.b3 Be7 7.Bb2 O-O 8.e3 b6 9.Nc3 Bb7
10.cxd5 Nxd5 11.Nxd5 Qxd5 12.d4 Rfd8 13.Ne5 Qd6 14.Qf3 Nxe5 15.dxe5 Qd5 16.Qxd5 Bxd5
17.e4 Bb7 18.f4 Rd2 19.Bc3 Rd3 20.Rac1 a5 21.Rfe1 c4 22.bxc4 Bc5+ 23.Kh1 Rad8
24.Rc2 g5 25.fxg5 Kg7 26.g4 Bc6 27.h3 Ba4 28.Rcc1 Bf2 29.Bf1 Rxc3  0-1

[Event "Rotterdam knok"]
[Site "Rotterdam"]
[Date "1990.??.??"]
[Round "1"]
[White "Ree, Hans"]
[Black "Boersma, Paulus A"]
[Result "1-0"]
[WhiteElo "2455"]
[BlackElo "2395"]

1.Nf3 d5 2.g3 c6 3.Bg2 Bg4 4.O-O Nd7 5.d4 e6 6.b3 Ngf6 7.Bb2 Be7 8.c4 O-O
9.Nc3 h6 10.Re1 Bf5 11.Ne5 Bb4 12.Nd3 a5 13.cxd5 exd5 14.Nxb4 axb4 15.Na4 Qe7
16.a3 b5 17.Nc5 Nxc5 18.dxc5 bxa3 19.Bxa3 Rfe8 20.Qd4 Bc2 21.Qc3 Be4 22.Bb2 Rxa1
23.Bxa1 Bxg2 24.Kxg2 Qe4+ 25.Kg1 Qg6 26.f3 Nd7 27.Bb2 Re6 28.Kf2 f6 29.Ra1 Qe8
30.Re1 Qe7 31.b4 Ne5 32.Qc2 Nc4 33.Bd4 Qf7 34.Ra1 Re8 35.Qf5 Qe6 36.Qxe6+ Rxe6
37.f4 f5 38.Ra8+ Kh7 39.Ra7 Rg6 40.Rf7 Na3 41.Rxf5 Nc2 42.Bc3 d4 43.Bd2 Re6
44.Rf8 g6 45.Rf7+ Kg8 46.Rc7 h5 47.h3 Ne3 48.Bxe3 dxe3+ 49.Kf3 Kf8 50.g4 hxg4+
51.hxg4  1-0